| 000 | 00796nam a2200205 i 4500 | ||
|---|---|---|---|
| 001 | 110768 | ||
| 003 | ES-MaACL | ||
| 007 | t| | ||
| 008 | 070125s1924 sp ||||1| spa d | ||
| 080 | _a347.922.6(460) | ||
| 100 | 1 |
_aSanmartín Puente, Manuel. _9103187 |
|
| 245 | 1 | 0 |
_aIus vindicandi _b: estudio jurídico-doctrinal sobre la reivindicación, con múltiples disposiciones y complementarias de aplicación... / _cpor Manuel Sanmartín Puente. |
| 260 |
_aMadrid : _bHijos de Reus, _c1924. |
||
| 300 |
_a414 p. ; _c23 cm. |
||
| 490 | 1 |
_aBiblioteca jurídica de autores españoles y extranjeros ; _v88 |
|
| 650 | 1 | 4 |
_aReivindicación- _zEspaña. _916776 |
| 830 | 0 |
_aBiblioteca jurídica de autores españoles y extranjeros ; _v88 _9182228 |
|
| 852 |
_aES-MaACL _jE-3082 |
||
| 999 |
_c110768 _d110768 |
||